[Event "GER-chW Blitz 2019"]
[Site "Magdeburg"]
[Date "2019.05.25"]
[Round "2.10"]
[White "Sieber, Fiona"]
[Black "Hofmann, Karina"]
[Result "1-0"]
[WhiteElo "2250"]
[BlackElo "1700"]
[Annotator "NA"]
[PlyCount "109"]
[EventDate "2019.05.25"]
[EventType "tourn"]
[EventCountry "GER"]
[SourceTitle "playchess.com"]
[Source "ChessBase"]
[SourceQuality "1"]
[TimeControl "180+2"]

1. e4 {[%emt 0:00:00]} b6 {[%emt 0:00:01]} 2. d4 {[%emt 0:00:01]} Bb7 {[%emt 0:00:01]} 3. Bd3 {[%emt 0:00:06]} g6 {[%emt 0:00:03]} 4. Ne2 {[%emt 0:00:03]} Bg7 {[%emt 0:00:01]} 5. Nbc3 {[%emt 0:00:02]} e6 {[%emt 0:00:02]} 6. Be3 {[%emt 0:00:04]} Ne7 {[%emt 0:00:01]} 7. Qd2 {[%emt 0:00:09]} d5 {[%emt 0:00:02]} 8. O-O-O {[%emt 0:00:15]} dxe4 {[%emt 0:00:05]} 9. Bxe4 {[%emt 0:00:03]} Nd5 {[%emt 0:00:16]} 10. Bg5 {[%emt 0:00:25]} Bf6 {[%emt 0:00:12]} 11. Bxf6 {[%emt 0:00:06]} Qxf6 {[%emt 0:00:02]} 12. Nxd5 {[%emt 0:00:05]} Bxd5 {[%emt 0:00:02]} 13. Bxd5 {[%emt 0:00:01]} exd5 {[%emt 0:00:02]} 14. Qh6 {[%emt 0:00:09]} Nd7 {[%emt 0:00:17]} 15. Nc3 {[%emt 0:00:09]} O-O-O {[%emt 0:00:08]} 16. Nxd5 {[%emt 0:00:04]} Qxf2 {[%emt 0:00:02]} 17. Rhf1 {[%emt 0:00:11]} Qxg2 {[%emt 0:00:08]} 18. Ne7+ {[%emt 0:00:13]} Kb8 {[%emt 0:00:04]} 19. d5 {[%emt 0:00:05]} Kb7 {[%emt 0:00:09]} 20. Rxf7 {[%emt 0:00:03]} Ne5 {[%emt 0:00:12]} 21. Rf6 {[%emt 0:00:06]} Qe4 {[%emt 0:00:07]} 22. Qf4 {[%emt 0:00:17]} Qxf4+ 23. Rxf4 {[%emt 0:00:00]} Rhe8 {[%emt 0:00:09]} 24. d6 {[%emt 0:00:13]} cxd6 {[%emt 0:00:12]} 25. Nd5 {[%emt 0:00:01]} Rf8 {[%emt 0:00:09]} 26. Rdf1 {[%emt 0:00:06]} Rxf4 {[%emt 0:00:18]} 27. Rxf4 {[%emt 0:00:02]} Rd7 {[%emt 0:00:01]} 28. b3 {[%emt 0:00:03]} g5 {[%emt 0:00:07]} 29. Rf5 {[%emt 0:00:02]} h6 {[%emt 0:00:02]} 30. Kd2 {[%emt 0:00:02]} Ng4 {[%emt 0:00:01]} 31. h3 {[%emt 0:00:03]} Ne5 {[%emt 0:00:06]} 32. Ke3 {[%emt 0:00:03]} Rf7 {[%emt 0:00:04]} 33. Ke4 {[%emt 0:00:06]} Rxf5 {[%emt 0:00:19]} 34. Kxf5 {[%emt 0:00:01]} Kc6 {[%emt 0:00:03]} 35. Ke6 {[%emt 0:00:02]} Nf3 {[%emt 0:00:04]} 36. Ne7+ {[%emt 0:00:05]} Kc5 {[%emt 0:00:03]} 37. Nf5 {[%emt 0:00:02]} Nd4+ {[%emt 0:00:11]} 38. Nxd4 {[%emt 0:00:06]} Kxd4 {[%emt 0:00:01]} 39. c4 {[%emt 0:00:07]} h5 {[%emt 0:00:02]} 40. Kf5 {[%emt 0:00:04]} g4 {[%emt 0:00:03]} 41. hxg4 {[%emt 0:00:01]} h4 {[%emt 0:00:01]} 42. Kf4 {[%emt 0:00:03]} h3 {[%emt 0:00:01]} 43. Kg3 {[%emt 0:00:01]} h2 {[%emt 0:00:01]} 44. Kxh2 {[%emt 0:00:01]} Ke4 {[%emt 0:00:01]} 45. Kg3 {[%emt 0:00:01]} Ke5 {[%emt 0:00:01]} 46. Kf3 {[%emt 0:00:02]} a6 {[%emt 0:00:01]} 47. Ke3 {[%emt 0:00:03]} b5 {[%emt 0:00:01]} 48. cxb5 {[%emt 0:00:02]} axb5 {[%emt 0:00:01]} 49. a4 {[%emt 0:00:01]} bxa4 {[%emt 0:00:02]} 50. bxa4 d5 51. a5 {[%emt 0:00:02]} d4+ {[%emt 0:00:01]} 52. Kd3 {[%emt 0:00:01]} Kd5 {[%emt 0:00:01]} 53. a6 {[%emt 0:00:01]} Kc6 {[%emt 0:00:01]} 54. g5 {[%emt 0:00:00]} Kb6 {[%emt 0:00:01]} 55. g6 {[%emt 0:00:01]} 1-0

[Event "GER-chW Blitz 2019"]
[Site "Magdeburg"]
[Date "2019.05.25"]
[Round "2.11"]
[White "Osmanodja, Filiz"]
[Black "Siegl, Melina"]
[Result "1-0"]
[WhiteElo "2260"]
[BlackElo "2029"]
[Annotator "NA"]
[PlyCount "53"]
[EventDate "2019.05.25"]
[EventType "tourn"]
[EventCountry "GER"]
[SourceTitle "playchess.com"]
[Source "ChessBase"]
[SourceQuality "1"]
[TimeControl "180+2"]

1. e4 {[%emt 0:00:00]} c5 {[%emt 0:00:00]} 2. Nc3 {[%emt 0:00:02]} e6 {[%emt 0:00:00]} 3. Nf3 {[%emt 0:00:01]} a6 {[%emt 0:00:03]} 4. d4 {[%emt 0:00:01]} cxd4 {[%emt 0:00:01]} 5. Nxd4 {[%emt 0:00:01]} d6 {[%emt 0:00:03]} 6. Be2 {[%emt 0:00:01]} b5 {[%emt 0:00:03]} 7. a3 {[%emt 0:00:05]} Bb7 {[%emt 0:00:02]} 8. Bf3 {[%emt 0:00:05]} Nd7 {[%emt 0:00:04]} 9. a4 {[%emt 0:00:17]} b4 {[%emt 0:00:11]} 10. Na2 {[%emt 0:00:01]} a5 {[%emt 0:00:09]} 11. c3 {[%emt 0:00:19]} bxc3 {[%emt 0:00:29]} 12. Nxc3 {[%emt 0:00:01]} Ne5 {[%emt 0:00:01]} 13. Be2 {[%emt 0:00:14]} Nf6 {[%emt 0:00:08]} 14. Bb5+ {[%emt 0:00:15]} Ned7 {[%emt 0:00:08]} 15. O-O {[%emt 0:00:14]} Rc8 {[%emt 0:00:35]} 16. Qb3 {[%emt 0:00:17]} d5 {[%emt 0:00:33]} 17. e5 {[%emt 0:00:33]} Ne4 {[%emt 0:00:10]} 18. Nxe4 {[%emt 0:00:11]} dxe4 19. Rd1 {[%emt 0:00:18]} Rc7 {[%emt 0:00:12]} 20. Bd2 {[%emt 0:00:10]} Qa8 {[%emt 0:00:09]} 21. Nxe6 {[%emt 0:00:09]} fxe6 {[%emt 0:00:12]} 22. Qxe6+ {[%emt 0:00:01]} Be7 {[%emt 0:00:01]} 23. Bg5 {[%emt 0:00:00]} Qd8 {[%emt 0:00:11]} 24. Rac1 {[%emt 0:00:17]} Rxc1 {[%emt 0:00:11]} 25. Bxd7+ {[%emt 0:00:05]} Kf8 {[%emt 0:00:01]} 26. Qf5+ {[%emt 0:00:04]} Bf6 {[%emt 0:00:01]} 27. Rxc1 {[%emt 0:00:03]} 1-0

[Event "GER-chW Blitz 2019"]
[Site "Magdeburg"]
[Date "2019.05.25"]
[Round "2.12"]
[White "Michna, Marta"]
[Black "Muetsch, Annmarie"]
[Result "1-0"]
[WhiteElo "2355"]
[BlackElo "2266"]
[Annotator "NA"]
[PlyCount "79"]
[EventDate "2019.05.25"]
[EventType "tourn"]
[EventCountry "GER"]
[SourceTitle "playchess.com"]
[Source "ChessBase"]
[SourceQuality "1"]
[TimeControl "180+2"]

1. d4 {[%emt 0:00:00]} Nf6 {[%emt 0:00:00]} 2. c3 {[%emt 0:00:02]} g6 {[%emt 0:00:02]} 3. Nf3 {[%emt 0:00:01]} Bg7 {[%emt 0:00:01]} 4. h3 {[%emt 0:00:01]} d6 {[%emt 0:00:01]} 5. Bf4 {[%emt 0:00:01]} O-O {[%emt 0:00:02]} 6. Nbd2 {[%emt 0:00:01]} Nbd7 {[%emt 0:00:02]} 7. e4 {[%emt 0:00:01]} c5 {[%emt 0:00:06]} 8. dxc5 {[%emt 0:00:05]} Nxc5 {[%emt 0:00:03]} 9. Qc2 {[%emt 0:00:01]} b6 {[%emt 0:00:05]} 10. b4 {[%emt 0:00:05]} Ne6 {[%emt 0:00:54]} 11. Be3 {[%emt 0:00:06]} Bb7 {[%emt 0:00:02]} 12. Bd3 {[%emt 0:00:31]} Rc8 {[%emt 0:00:02]} 13. O-O {[%emt 0:00:10]} Nh5 {[%emt 0:00:07]} 14. c4 {[%emt 0:00:14]} Bxa1 15. Rxa1 Nhf4 {[%emt 0:00:32]} 16. Bf1 {[%emt 0:00:01]} d5 {[%emt 0:00:24]} 17. exd5 {[%emt 0:00:13]} Nxd5 {[%emt 0:00:08]} 18. Bh6 {[%emt 0:00:00]} Ng7 {[%emt 0:00:10]} 19. Qa4 {[%emt 0:00:25]} Nf6 {[%emt 0:00:16]} 20. Rd1 {[%emt 0:00:40]} Qc7 {[%emt 0:00:03]} 21. g3 {[%emt 0:00:24]} Qb8 {[%emt 0:00:12]} 22. Re1 {[%emt 0:00:05]} Rfe8 {[%emt 0:00:06]} 23. Bg2 {[%emt 0:00:03]} Nf5 {[%emt 0:00:05]} 24. Bf4 {[%emt 0:00:01]} Qa8 {[%emt 0:00:01]} 25. g4 {[%emt 0:00:07]} Ng7 {[%emt 0:00:04]} 26. Be5 {[%emt 0:00:06]} Ne6 {[%emt 0:00:07]} 27. Qc2 {[%emt 0:00:09]} b5 {[%emt 0:00:04]} 28. c5 {[%emt 0:00:01]} Nd5 {[%emt 0:00:01]} 29. a3 {[%emt 0:00:02]} a5 {[%emt 0:00:02]} 30. Qb2 {[%emt 0:00:04]} axb4 {[%emt 0:00:03]} 31. axb4 {[%emt 0:00:00]} Qa4 {[%emt 0:00:01]} 32. Re4 {[%emt 0:00:12]} Ra8 {[%emt 0:00:08]} 33. Kh2 {[%emt 0:00:03]} Qa1 {[%emt 0:00:01]} 34. Qxa1 {[%emt 0:00:01]} Rxa1 {[%emt 0:00:03]} 35. Bxa1 {[%emt 0:00:01]} Ndf4 {[%emt 0:00:03]} 36. Re3 {[%emt 0:00:08]} Nxg2 {[%emt 0:00:03]} 37. Kxg2 {[%emt 0:00:01]} Nf4+ {[%emt 0:00:01]} 38. Kg3 {[%emt 0:00:00]} Nd5 {[%emt 0:00:01]} 39. Rb3 {[%emt 0:00:01]} e5 {[%emt 0:00:03]} 40. Bxe5 {[%emt 0:00:01]} 1-0

[Event "GER-chW Blitz 2019"]
[Site "Magdeburg"]
[Date "2019.05.25"]
[Round "3.1"]
[White "Muetsch, Annmarie"]
[Black "Roesler, Hannah Clara Hed"]
[Result "1-0"]
[WhiteElo "2266"]
[BlackElo "1619"]
[Annotator "NA"]
[PlyCount "89"]
[EventDate "2019.05.25"]
[EventType "tourn"]
[EventCountry "GER"]
[SourceTitle "playchess.com"]
[Source "ChessBase"]
[SourceQuality "1"]
[TimeControl "180+2"]

1. e4 {[%emt 0:00:00]} c5 {[%emt 0:00:00]} 2. Nf3 {[%emt 0:00:00]} g6 {[%emt 0:00:01]} 3. c4 {[%emt 0:00:02]} Nc6 {[%emt 0:00:03]} 4. d4 {[%emt 0:00:03]} cxd4 {[%emt 0:00:02]} 5. Nxd4 {[%emt 0:00:01]} Bg7 {[%emt 0:00:02]} 6. Nc2 {[%emt 0:00:01]} Nf6 {[%emt 0:00:07]} 7. Nc3 {[%emt 0:00:01]} O-O {[%emt 0:00:12]} 8. Be2 {[%emt 0:00:04]} d6 {[%emt 0:00:11]} 9. Be3 {[%emt 0:00:02]} Be6 {[%emt 0:00:33]} 10. O-O {[%emt 0:00:03]} Nd7 {[%emt 0:00:12]} 11. Qd2 {[%emt 0:00:51]} Nc5 {[%emt 0:00:24]} 12. f3 {[%emt 0:00:17]} Qa5 {[%emt 0:00:24]} 13. Nd4 {[%emt 0:00:26]} Nxd4 {[%emt 0:00:09]} 14. Bxd4 {[%emt 0:00:01]} Bxd4+ {[%emt 0:00:03]} 15. Qxd4 {[%emt 0:00:01]} Bd7 {[%emt 0:00:07]} 16. Kh1 {[%emt 0:00:10]} Rfc8 {[%emt 0:00:12]} 17. Nd5 {[%emt 0:00:03]} Qd8 {[%emt 0:00:16]} 18. Rac1 {[%emt 0:00:13]} a5 {[%emt 0:00:01]} 19. Rfd1 {[%emt 0:00:07]} a4 {[%emt 0:00:02]} 20. f4 {[%emt 0:00:11]} Ra6 {[%emt 0:00:23]} 21. e5 {[%emt 0:00:10]} dxe5 {[%emt 0:00:06]} 22. fxe5 {[%emt 0:00:03]} Qf8 {[%emt 0:00:06]} 23. Bf3 {[%emt 0:00:07]} Be6 {[%emt 0:00:01]} 24. Nf4 {[%emt 0:00:11]} Bf5 {[%emt 0:00:05]} 25. Qe3 {[%emt 0:00:14]} Rb6 {[%emt 0:00:03]} 26. Rd2 {[%emt 0:00:05]} Rd8 {[%emt 0:00:03]} 27. Rxd8 Qxd8 {[%emt 0:00:01]} 28. Qxc5 {[%emt 0:00:06]} Rc6 {[%emt 0:00:01]} 29. Bxc6 {[%emt 0:00:03]} bxc6 {[%emt 0:00:01]} 30. Qxc6 {[%emt 0:00:08]} Qd2 {[%emt 0:00:02]} 31. Rf1 {[%emt 0:00:05]} Bd3 {[%emt 0:00:01]} 32. Qd5 {[%emt 0:00:06]} Kg7 {[%emt 0:00:04]} 33. Qxd3 {[%emt 0:00:02]} Qxb2 {[%emt 0:00:01]} 34. e6 {[%emt 0:00:01]} f6 {[%emt 0:00:01]} 35. Qd7 {[%emt 0:00:01]} Qxa2 {[%emt 0:00:04]} 36. Qxe7+ {[%emt 0:00:02]} Kh6 {[%emt 0:00:01]} 37. Qf8+ {[%emt 0:00:02]} Kg5 {[%emt 0:00:02]} 38. e7 {[%emt 0:00:03]} Qxc4 {[%emt 0:00:04]} 39. Re1 {[%emt 0:00:04]} Qc3 {[%emt 0:00:03]} 40. Rg1 {[%emt 0:00:02]} Qe3 {[%emt 0:00:02]} 41. Nh3+ {[%emt 0:00:02]} Kf5 {[%emt 0:00:01]} 42. e8=Q {[%emt 0:00:02]} Qxe8 43. Qxe8 a3 {[%emt 0:00:06]} 44. Qd7+ {[%emt 0:00:04]} Ke5 {[%emt 0:00:01]} 45. Re1# {[%emt 0:00:01] Kf4} 1-0

[Event "GER-chW Blitz 2019"]
[Site "Magdeburg"]
[Date "2019.05.25"]
[Round "3.2"]
[White "Siegl, Melina"]
[Black "Michna, Marta"]
[Result "0-1"]
[WhiteElo "2029"]
[BlackElo "2355"]
[Annotator "NA"]
[PlyCount "74"]
[EventDate "2019.05.25"]
[EventType "tourn"]
[EventCountry "GER"]
[SourceTitle "playchess.com"]
[Source "ChessBase"]
[SourceQuality "1"]
[TimeControl "180+2"]

1. e4 {[%emt 0:00:00]} e6 {[%emt 0:00:00]} 2. d3 {[%emt 0:00:02]} c5 {[%emt 0:00:00]} 3. Nd2 {[%emt 0:00:02]} Nc6 {[%emt 0:00:00]} 4. Ngf3 d6 5. g3 {[%emt 0:00:02]} Nge7 {[%emt 0:00:02]} 6. Bg2 {[%emt 0:00:01]} g6 {[%emt 0:00:00]} 7. O-O Bg7 {[%emt 0:00:01]} 8. Re1 {[%emt 0:00:02]} O-O {[%emt 0:00:01]} 9. c3 {[%emt 0:00:01]} a5 {[%emt 0:00:02]} 10. Nf1 {[%emt 0:00:05]} b5 {[%emt 0:00:04]} 11. Be3 {[%emt 0:00:07]} b4 {[%emt 0:00:12]} 12. Qd2 {[%emt 0:00:02]} Ba6 {[%emt 0:00:17]} 13. c4 {[%emt 0:00:17]} Re8 {[%emt 0:00:17]} 14. Bh6 {[%emt 0:00:12]} Ne5 {[%emt 0:00:14]} 15. Bxg7 {[%emt 0:00:28]} Kxg7 {[%emt 0:00:01]} 16. Nxe5 {[%emt 0:00:19]} dxe5 {[%emt 0:00:01]} 17. f4 {[%emt 0:00:02]} Nc6 {[%emt 0:00:12]} 18. Ne3 {[%emt 0:00:20]} Qd4 {[%emt 0:00:23]} 19. Rad1 {[%emt 0:00:31]} exf4 {[%emt 0:00:08]} 20. gxf4 {[%emt 0:00:01]} f5 {[%emt 0:00:01]} 21. exf5 {[%emt 0:00:10]} Ne7 {[%emt 0:00:13]} 22. fxe6 {[%emt 0:00:06]} Nf5 {[%emt 0:00:11]} 23. Kh1 {[%emt 0:00:05]} Nh4 {[%emt 0:00:02]} 24. Bd5 {[%emt 0:00:08]} Rad8 {[%emt 0:00:05]} 25. Qf2 {[%emt 0:00:12]} Qf6 {[%emt 0:00:31]} 26. Ng4 {[%emt 0:00:09]} Qe7 {[%emt 0:00:00]} 27. Qe3 {[%emt 0:00:11]} Qc7 {[%emt 0:00:20]} 28. Qh3 {[%emt 0:00:05]} Nf5 {[%emt 0:00:10]} 29. Ne5 Rxd5 {[%emt 0:00:02]} 30. cxd5 {[%emt 0:00:05]} Bb7 {[%emt 0:00:01]} 31. Qg2 {[%emt 0:00:04]} Qd6 {[%emt 0:00:01]} 32. Re4 {[%emt 0:00:10]} Bxd5 {[%emt 0:00:01]} 33. Nc4 {[%emt 0:00:03]} Qc6 {[%emt 0:00:01]} 34. Nd2 {[%emt 0:00:02]} Rxe6 {[%emt 0:00:01]} 35. Qg5 {[%emt 0:00:03]} h6 {[%emt 0:00:02]} 36. Qd8 {[%emt 0:00:02]} Kh7 {[%emt 0:00:03]} 37. Rde1 {[%emt 0:00:02]} Ng7 {[%emt 0:00:07]} 0-1

[Event "GER-chW Blitz 2019"]
[Site "Magdeburg"]
[Date "2019.05.25"]
[Round "3.3"]
[White "Hofmann, Karina"]
[Black "Osmanodja, Filiz"]
[Result "0-1"]
[WhiteElo "1700"]
[BlackElo "2260"]
[Annotator "NA"]
[PlyCount "134"]
[EventDate "2019.05.25"]
[EventType "tourn"]
[EventCountry "GER"]
[SourceTitle "playchess.com"]
[Source "ChessBase"]
[SourceQuality "1"]
[TimeControl "180+2"]

1. f4 {[%emt 0:00:00]} d5 {[%emt 0:00:00]} 2. Nf3 {[%emt 0:00:01]} c5 {[%emt 0:00:00]} 3. e3 {[%emt 0:00:02]} Nc6 4. Bb5 g6 {[%emt 0:00:03]} 5. Bxc6+ bxc6 6. b3 {[%emt 0:00:08]} Bg7 {[%emt 0:00:01]} 7. Ne5 {[%emt 0:00:02]} Qc7 {[%emt 0:00:06]} 8. Bb2 {[%emt 0:00:06]} Nf6 {[%emt 0:00:05]} 9. d3 {[%emt 0:00:05]} O-O {[%emt 0:00:02]} 10. Nd2 {[%emt 0:00:01]} Ng4 {[%emt 0:00:13]} 11. Nxg4 {[%emt 0:00:50]} Bxb2 {[%emt 0:00:02]} 12. Rb1 {[%emt 0:00:01]} Bc3 {[%emt 0:00:03]} 13. h3 {[%emt 0:00:32]} Qa5 {[%emt 0:00:07]} 14. a4 {[%emt 0:00:03]} c4 {[%emt 0:00:18]} 15. Nh2 {[%emt 0:00:06]} cxd3 {[%emt 0:00:04]} 16. cxd3 {[%emt 0:00:02]} Ba6 {[%emt 0:00:03]} 17. Qc2 {[%emt 0:00:06]} d4 {[%emt 0:00:19]} 18. e4 {[%emt 0:00:04]} Qh5 {[%emt 0:00:11]} 19. Nhf3 {[%emt 0:00:05]} Qh6 {[%emt 0:00:14]} 20. g3 {[%emt 0:00:03]} e5 {[%emt 0:00:03]} 21. Kf2 {[%emt 0:00:05]} exf4 {[%emt 0:00:03]} 22. gxf4 {[%emt 0:00:04]} Qxf4 {[%emt 0:00:02]} 23. Nc4 {[%emt 0:00:09]} Bxc4 {[%emt 0:00:13]} 24. bxc4 {[%emt 0:00:03]} f5 {[%emt 0:00:05]} 25. e5 {[%emt 0:00:15]} Rab8 {[%emt 0:00:10]} 26. Rhf1 {[%emt 0:00:04]} Rfe8 {[%emt 0:00:29]} 27. Kg2 {[%emt 0:00:04]} Qe3 {[%emt 0:00:04]} 28. Rf2 {[%emt 0:00:05]} c5 {[%emt 0:00:24]} 29. Rb5 {[%emt 0:00:04]} Rxb5 {[%emt 0:00:02]} 30. axb5 {[%emt 0:00:01]} g5 {[%emt 0:00:14]} 31. Qe2 {[%emt 0:00:05]} Qxe2 32. Rxe2 {[%emt 0:00:02]} g4 {[%emt 0:00:10]} 33. hxg4 {[%emt 0:00:02]} fxg4 {[%emt 0:00:00]} 34. Ng5 {[%emt 0:00:04]} h6 {[%emt 0:00:05]} 35. Ne4 {[%emt 0:00:05]} Bb4 {[%emt 0:00:01]} 36. Nf6+ {[%emt 0:00:03]} Kf7 {[%emt 0:00:00]} 37. Nxe8 {[%emt 0:00:01]} Kxe8 {[%emt 0:00:01]} 38. e6 {[%emt 0:00:00]} Ke7 {[%emt 0:00:04]} 39. Kg3 {[%emt 0:00:01]} h5 {[%emt 0:00:03]} 40. Kh4 {[%emt 0:00:02]} Ba5 {[%emt 0:00:04]} 41. Kxh5 {[%emt 0:00:03]} g3 {[%emt 0:00:01]} 42. Kg4 {[%emt 0:00:01]} Bc7 {[%emt 0:00:04]} 43. Kf5 {[%emt 0:00:02]} Bd6 {[%emt 0:00:02]} 44. Ra2 {[%emt 0:00:03]} Bb8 {[%emt 0:00:01]} 45. Rg2 {[%emt 0:00:05]} Bc7 {[%emt 0:00:01]} 46. Re2 {[%emt 0:00:09]} Bd6 {[%emt 0:00:02]} 47. Ra2 {[%emt 0:00:05]} Bb8 {[%emt 0:00:00]} 48. Kg4 {[%emt 0:00:01]} Kxe6 {[%emt 0:00:03]} 49. Ra6+ {[%emt 0:00:03]} Ke7 {[%emt 0:00:04]} 50. Kf3 {[%emt 0:00:02]} Kd7 {[%emt 0:00:02]} 51. Rc6 {[%emt 0:00:01]} Bd6 {[%emt 0:00:01]} 52. b6 Kxc6 {[%emt 0:00:02]} 53. bxa7 {[%emt 0:00:03]} Kb7 {[%emt 0:00:01]} 54. Ke4 {[%emt 0:00:02]} g2 {[%emt 0:00:04]} 55. Kd5 {[%emt 0:00:01]} g1=Q {[%emt 0:00:05]} 56. Kxd6 {[%emt 0:00:01]} Kxa7 {[%emt 0:00:05]} 57. Kxc5 {[%emt 0:00:01]} Kb7 {[%emt 0:00:00]} 58. Kd5 {[%emt 0:00:01]} Kc7 {[%emt 0:00:01]} 59. c5 {[%emt 0:00:01]} Qg5+ {[%emt 0:00:02]} 60. Kc4 {[%emt 0:00:00]} Kc6 {[%emt 0:00:01]} 61. Kxd4 {[%emt 0:00:02]} Qxc5+ 62. Ke4 {[%emt 0:00:01]} Qd5+ {[%emt 0:00:02]} 63. Ke3 {[%emt 0:00:01]} Kc5 {[%emt 0:00:00]} 64. Kd2 {[%emt 0:00:01]} Kd4 {[%emt 0:00:02]} 65. Kc2 {[%emt 0:00:00]} Qa2+ {[%emt 0:00:01]} 66. Kd1 {[%emt 0:00:03]} Kxd3 {[%emt 0:00:01]} 67. Ke1 {[%emt 0:00:01]} Qe2# 0-1

[Event "GER-chW Blitz 2019"]
[Site "Magdeburg"]
[Date "2019.05.25"]
[Round "3.4"]
[White "Birkholz, Olga"]
[Black "Sieber, Fiona"]
[Result "0-1"]
[WhiteElo "2031"]
[BlackElo "2250"]
[Annotator "NA"]
[PlyCount "114"]
[EventDate "2019.05.25"]
[EventType "tourn"]
[EventCountry "GER"]
[SourceTitle "playchess.com"]
[Source "ChessBase"]
[SourceQuality "1"]
[TimeControl "180+2"]

1. e4 {[%emt 0:00:00]} c5 {[%emt 0:00:00]} 2. b3 {[%emt 0:00:02]} d6 {[%emt 0:00:02]} 3. Bb2 {[%emt 0:00:02]} Nf6 {[%emt 0:00:02]} 4. d3 {[%emt 0:00:02]} e5 {[%emt 0:00:02]} 5. Ne2 {[%emt 0:00:02]} Be7 {[%emt 0:00:02]} 6. f4 {[%emt 0:00:02]} Nc6 {[%emt 0:00:02]} 7. Nd2 {[%emt 0:00:02]} Ng4 {[%emt 0:00:02]} 8. Nc4 {[%emt 0:00:04]} b5 {[%emt 0:00:07]} 9. h3 {[%emt 0:00:01]} bxc4 {[%emt 0:00:06]} 10. hxg4 {[%emt 0:00:04]} cxb3 {[%emt 0:00:05]} 11. f5 {[%emt 0:00:14]} bxc2 12. Qxc2 {[%emt 0:00:01]} Nb4 {[%emt 0:00:32]} 13. Qd2 {[%emt 0:00:06]} Bg5 {[%emt 0:00:06]} 14. Qc3 {[%emt 0:00:06]} Ba6 {[%emt 0:00:11]} 15. Nc1 {[%emt 0:00:03]} Bh4+ {[%emt 0:00:13]} 16. Kd1 {[%emt 0:00:20]} Bf2 {[%emt 0:00:15]} 17. Qd2 {[%emt 0:00:07]} Bg3 {[%emt 0:00:11]} 18. a3 {[%emt 0:00:13]} Bf4 {[%emt 0:00:07]} 19. Qc3 {[%emt 0:00:08]} Nc6 {[%emt 0:00:04]} 20. Ne2 {[%emt 0:00:14]} Qg5 {[%emt 0:00:01]} 21. Rh5 {[%emt 0:00:12]} Qxg4 {[%emt 0:00:06]} 22. Rh3 {[%emt 0:00:11]} O-O {[%emt 0:00:07]} 23. Rf3 {[%emt 0:00:02]} Nd4 {[%emt 0:00:07]} 24. Nxd4 {[%emt 0:00:31]} cxd4 {[%emt 0:00:05]} 25. Qe1 {[%emt 0:00:04]} Rab8 {[%emt 0:00:04]} 26. Qe2 {[%emt 0:00:09]} Bb5 {[%emt 0:00:12]} 27. a4 {[%emt 0:00:03]} Ba6 {[%emt 0:00:06]} 28. Bc1 {[%emt 0:00:08]} Bxc1 29. Rxc1 {[%emt 0:00:01]} Rb3 {[%emt 0:00:10]} 30. Qc2 {[%emt 0:00:08]} Rc3 {[%emt 0:00:06]} 31. Qd2 {[%emt 0:00:04]} Rfc8 {[%emt 0:00:02]} 32. Rxc3 {[%emt 0:00:02]} dxc3 {[%emt 0:00:03]} 33. Qc2 {[%emt 0:00:01]} h6 {[%emt 0:00:08]} 34. Ke1 {[%emt 0:00:04]} Bb7 {[%emt 0:00:04]} 35. Rf2 {[%emt 0:00:10]} d5 {[%emt 0:00:01]} 36. Be2 {[%emt 0:00:02]} Qg5 {[%emt 0:00:03]} 37. Bf3 {[%emt 0:00:03]} Qe3+ {[%emt 0:00:06]} 38. Qe2 {[%emt 0:00:06]} Qc1+ {[%emt 0:00:03]} 39. Qd1 {[%emt 0:00:00]} Qa3 {[%emt 0:00:05]} 40. Rc2 {[%emt 0:00:14]} Qxa4 {[%emt 0:00:04]} 41. Qe2 {[%emt 0:00:01]} d4 {[%emt 0:00:02]} 42. Kf2 {[%emt 0:00:03]} Bc6 {[%emt 0:00:02]} 43. Ra2 {[%emt 0:00:04]} Qb3 {[%emt 0:00:03]} 44. Rxa7 {[%emt 0:00:02]} c2 {[%emt 0:00:02]} 45. Ra1 {[%emt 0:00:02]} Ba4 {[%emt 0:00:02]} 46. Rc1 {[%emt 0:00:01]} Qb2 {[%emt 0:00:01]} 47. Qd2 {[%emt 0:00:01]} Qc3 {[%emt 0:00:02]} 48. Ke2 {[%emt 0:00:02]} Bb5 {[%emt 0:00:03]} 49. Qxc3 Rxc3 {[%emt 0:00:02]} 50. Kf2 {[%emt 0:00:12]} Bxd3 {[%emt 0:00:01]} 51. g4 {[%emt 0:00:02]} Kf8 {[%emt 0:00:02]} 52. Be2 {[%emt 0:00:02]} Bxe2 {[%emt 0:00:02]} 53. Kxe2 {[%emt 0:00:01]} Ke7 {[%emt 0:00:02]} 54. Kd2 {[%emt 0:00:02]} Kf6 {[%emt 0:00:01]} 55. Rxc2 {[%emt 0:00:01]} Rxc2+ {[%emt 0:00:01]} 56. Kxc2 {[%emt 0:00:01]} Kg5 {[%emt 0:00:01]} 57. Kd3 {[%emt 0:00:01]} Kxg4 {[%emt 0:00:01] Kxd4} 0-1

[Event "GER-chW Blitz 2019"]
[Site "Magdeburg"]
[Date "2019.05.25"]
[Round "3.5"]
[White "Rath, Alina"]
[Black "Daemering, Katrin"]
[Result "1/2-1/2"]
[WhiteElo "2042"]
[BlackElo "2003"]
[Annotator "NA"]
[PlyCount "77"]
[EventDate "2019.05.25"]
[EventType "tourn"]
[EventCountry "GER"]
[SourceTitle "playchess.com"]
[Source "ChessBase"]
[SourceQuality "1"]
[TimeControl "180+2"]

1. c4 {[%emt 0:00:00]} d6 {[%emt 0:00:00]} 2. Nc3 {[%emt 0:00:01]} g6 {[%emt 0:00:00]} 3. g3 {[%emt 0:00:02]} Bg7 {[%emt 0:00:00]} 4. Bg2 {[%emt 0:00:01]} Nf6 {[%emt 0:00:02]} 5. e4 {[%emt 0:00:01]} O-O {[%emt 0:00:02]} 6. Nge2 {[%emt 0:00:01]} c5 {[%emt 0:00:02]} 7. O-O {[%emt 0:00:02]} Nc6 {[%emt 0:00:01]} 8. d3 {[%emt 0:00:01]} Nd4 {[%emt 0:00:03]} 9. h3 {[%emt 0:00:01]} a6 {[%emt 0:00:02]} 10. Be3 {[%emt 0:00:03]} Ne8 {[%emt 0:00:05]} 11. f4 {[%emt 0:00:03]} f5 {[%emt 0:00:06]} 12. Qd2 {[%emt 0:00:11]} e6 {[%emt 0:00:09]} 13. Kh2 {[%emt 0:00:01]} Rb8 {[%emt 0:00:03]} 14. Rae1 {[%emt 0:00:05]} b5 {[%emt 0:00:08]} 15. b3 {[%emt 0:00:02]} Bb7 {[%emt 0:00:10]} 16. exf5 {[%emt 0:00:20]} Nxf5 {[%emt 0:00:07]} 17. Bxb7 {[%emt 0:00:10]} Rxb7 {[%emt 0:00:04]} 18. Ne4 {[%emt 0:00:17]} h6 {[%emt 0:00:12]} 19. Bf2 {[%emt 0:00:13]} Kh7 {[%emt 0:00:15]} 20. d4 {[%emt 0:00:41]} bxc4 {[%emt 0:00:14]} 21. bxc4 {[%emt 0:00:01]} cxd4 {[%emt 0:00:13]} 22. Nxd4 {[%emt 0:00:04]} Nxd4 {[%emt 0:00:08]} 23. Bxd4 {[%emt 0:00:02]} e5 {[%emt 0:00:17]} 24. Be3 {[%emt 0:00:31]} Rbf7 {[%emt 0:00:11]} 25. Rf2 {[%emt 0:00:22]} Qd7 {[%emt 0:00:14]} 26. Ref1 {[%emt 0:00:02]} Qc6 {[%emt 0:00:06]} 27. Qd3 {[%emt 0:00:08]} exf4 {[%emt 0:00:13]} 28. Rxf4 {[%emt 0:00:07]} Rxf4 {[%emt 0:00:01]} 29. Rxf4 {[%emt 0:00:01]} Rxf4 {[%emt 0:00:17]} 30. Bxf4 {[%emt 0:00:01]} Qa4 {[%emt 0:00:08]} 31. Nxd6 {[%emt 0:00:22]} Qxa2+ {[%emt 0:00:04]} 32. Kh1 {[%emt 0:00:00]} Qa1+ {[%emt 0:00:07]} 33. Kh2 {[%emt 0:00:01]} Qb2+ {[%emt 0:00:02]} 34. Kh1 {[%emt 0:00:01]} Nxd6 {[%emt 0:00:07]} 35. Bxd6 {[%emt 0:00:02]} Qc1+ {[%emt 0:00:01]} 36. Kg2 {[%emt 0:00:01]} Qb2+ {[%emt 0:00:07]} 37. Kh1 {[%emt 0:00:01]} a5 {[%emt 0:00:01]} 38. h4 {[%emt 0:00:01]} a4 {[%emt 0:00:03]} 39. Qa3 {[%emt 0:00:04]} 1/2-1/2